000 00488nam a2200193Ia 4500
003 OSt
005 20260404123021.0
008 210210b1970 xxu||||| |||| 00| 0 eng d
040 _cAL
041 _aHindi
082 _aH891.8 SAHI
100 _a-
_9150857
245 _aSahity mandakini.
_bसाहित्य मंदाकिनी
260 _aBangalore
_bPre-University
_c1970
300 _a155
690 _aHindi Miscellaneous
_9150859
906 _a035296
942 _2ddc
_cBK
999 _c85661
_d85661